| 000 | 00485nam a22001937a 4500 | ||
|---|---|---|---|
| 003 | MPLRDC | ||
| 005 | 20220105061103.0 | ||
| 008 | 210129b ||||| |||| 00| 0 eng d | ||
| 020 | _a978-7-5399-6595-6 | ||
| 082 | _a417 ZY | ||
| 100 | _a张羽 | ||
| 245 |
_a只有医生知道!2 _c |
||
| 250 | _a初版一刷 | ||
| 260 |
_a中国 _b凤凰出版传媒股份有限公司 _c2013 |
||
| 300 | _b平 | ||
| 520 | _a上架 2017-03-01。 | ||
| 650 | _a妇产科 | ||
| 942 |
_cBK _o417 ZY |
||
| 999 |
_c68607 _d68597 |
||